|
|
|
|
| LEADER |
01407nam a2200373Ia 4500 |
| 001 |
EBC1020368 |
| 003 |
MiAaPQ |
| 005 |
20200520144314.0 |
| 006 |
m o d | |
| 007 |
cr cn||||||||| |
| 008 |
101118s2011 enka sb 001 0 eng d |
| 010 |
|
|
|z 2010047901
|
| 020 |
|
|
|z 1849712794
|
| 020 |
|
|
|z 9781849712798 (hc)
|
| 020 |
|
|
|z 9781849775526
|
| 035 |
|
|
|a (MiAaPQ)EBC1020368
|
| 035 |
|
|
|a (Au-PeEL)EBL1020368
|
| 035 |
|
|
|a (CaPaEBR)ebr10598534
|
| 035 |
|
|
|a (CaONFJC)MIL390305
|
| 035 |
|
|
|a (OCoLC)811504955
|
| 040 |
|
|
|a MiAaPQ
|c MiAaPQ
|d MiAaPQ
|
| 050 |
|
4 |
|a TD499
|b .W384 2011
|
| 245 |
0 |
4 |
|a The water footprint assessment manual
|h [electronic resource] :
|b setting the global standard /
|c Arjen Y. Hoekstra ... [et al.].
|
| 260 |
|
|
|a London ;
|a Washington, DC :
|b Earthscan,
|c 2011.
|
| 300 |
|
|
|a xviii, 203 p. :
|b ill.
|
| 504 |
|
|
|a Includes bibliographical references and index.
|
| 533 |
|
|
|a Electronic reproduction. Ann Arbor, MI : ProQuest, 2015. Available via World Wide Web. Access may be limited to ProQuest affiliated libraries.
|
| 650 |
|
0 |
|a Water consumption
|x Measurement.
|
| 650 |
|
0 |
|a Water consumption
|x Environmental aspects.
|
| 650 |
|
0 |
|a Water-supply
|x Accounting.
|
| 655 |
|
4 |
|a Electronic books.
|
| 700 |
1 |
|
|a Hoekstra, Arjen Y.,
|d 1967-
|
| 710 |
2 |
|
|a ProQuest (Firm)
|
| 856 |
4 |
0 |
|u https://ebookcentral.proquest.com/lib/matrademy/detail.action?docID=1020368
|z Click to View
|